A first course in probability / (Record no. 859)

MARC details
000 -LEADER
fixed length control field 00966nac a22003011i 4500
003 - CONTROL NUMBER IDENTIFIER
control field EG-ScBUE
005 - DATE AND TIME OF LATEST TRANSACTION
control field 20241109104927.0
008 - FIXED-LENGTH DATA ELEMENTS--GENERAL INFORMATION
fixed length control field 241109t2006 njua | 001 0 eng d
020 ## - INTERNATIONAL STANDARD BOOK NUMBER
International Standard Book Number 0132018179
020 ## - INTERNATIONAL STANDARD BOOK NUMBER
International Standard Book Number 9780132018173
040 ## - CATALOGING SOURCE
Original cataloging agency EG-ScBUE
Language of cataloging eng
Description conventions rda
Transcribing agency EG-ScBUE
Modifying agency EG-ScBUE
082 04 - DEWEY DECIMAL CLASSIFICATION NUMBER
Classification number 519.2
Item number ROS
Edition number 22
100 1# - MAIN ENTRY--PERSONAL NAME
Personal name Ross, Sheldon M.,
Relator term author.
245 12 - TITLE STATEMENT
Title A first course in probability /
Statement of responsibility, etc Sheldon Ross, University of Southern California.
250 ## - EDITION STATEMENT
Edition statement Seventh edition.
250 ## - EDITION STATEMENT
Edition statement International edition.
264 #1 - PUBLICATION, DISTRIBUTION, ETC. (IMPRINT)
Place of publication, distribution, etc Upper Saddle River, N.J. :
Name of publisher, distributor, etc Pearson Prentice Hall,
Date of publication, distribution, etc [2006]
264 #4 - PUBLICATION, DISTRIBUTION, ETC. (IMPRINT)
Date of publication, distribution, etc c2006
300 ## - PHYSICAL DESCRIPTION
Extent x, 565 pages :
Other physical details illustrations ;
Dimensions 25 cm
336 ## - CONTENT TYPE
Source rdacontent
Content type term text
Content type code txt
337 ## - MEDIA TYPE
Media type term unmediated
Source rdamedia
Media type code n
338 ## - CARRIER TYPE
Carrier type term volume
Carrier type code nc
Source rdacarrier
500 ## - GENERAL NOTE
General note Includes index.
500 ## - GENERAL NOTE
General note Includes Appendices.<br/>
650 #7 - SUBJECT ADDED ENTRY--TOPICAL TERM
Topical term or geographic name as entry element Probabilities
Form subdivision Textbooks.
Source of heading or term BUEsh
655 ## - INDEX TERM--GENRE/FORM
Form subdivision Reading book
942 ## - ADDED ENTRY ELEMENTS (KOHA)
Koha item type Book - Borrowing
Source of classification or shelving scheme Dewey Decimal Classification
Holdings
Withdrawn status Lost status Source of classification or shelving scheme Damaged status Not for loan Collection code Home library Current library Shelving location Date acquired Source of acquisition Cost, normal purchase price Total Checkouts Total Renewals Full call number Barcode Date last seen Date checked out Cost, replacement price Price effective from Koha item type
    Dewey Decimal Classification     Baccah Central Library Central Library First floor 06/08/2006 Purchase 312.00 5 3 519.2 ROS 000003680 15/07/2025 28/12/2017 390.00 06/08/2006 Book - Borrowing
    Dewey Decimal Classification     Baccah Central Library Central Library First floor 06/08/2006 Purchase 312.00 3   519.2 ROS 000003180 15/07/2025   390.00 31/08/2006 Book - Borrowing
    Dewey Decimal Classification     Baccah Central Library Central Library First floor 06/08/2006 Purchase 312.00     519.2 ROS 000006054 15/07/2025   390.00 25/09/2007 NB - Book (Non borrowing)
    Dewey Decimal Classification     Baccah Central Library Central Library First floor 06/08/2006 Purchase 312.00 1   519.2 ROS 000005883 15/07/2025 27/10/2016 390.00 30/09/2007 Book - Borrowing